Most Popular Users in 2016 - Statistics

General Stats
  • This quiz has been taken 60 times
  • The average score is 4 of 20
Answer Stats
Rank Taken in 2015 Taken in 2016 Quiz User % Correct
1 686,710 1,281,678 Countries of the World with an Empty Map relessness
91%
3 415,771 673,424 Countries of the World - One Minute Sprint Jerry928
49%
2 124,572 940,282 Countries by Borders in 90 Seconds scambigol
42%
4 188,413 625,100 Five Most Populated Countries by Continent Quizzer6794
38%
9 131,301 211,555 Digits of Pi kalbahamut
34%
7 330,807 313,046 Countries Breakdown Puzzle #1 kiwirage
23%
6 n/a 367,450 Capitales del Mundo Gamer1162
19%
5 n/a 448,552 Country Shapes in the World Map #1 KoljiVriVoda
19%
13 166,293 128,255 Fast Typing Test - 100 WPM Challenge ThirdParty
17%
10 199,173 154,650 Disney Animated Characters CBTemple
15%
14 86,368 120,499 Country Boggle Geoguy
15%
11 86,204 142,529 Answers Begin and End with the Same Letter buck1017
11%
12 135,042 138,563 Countries That End in Y LBA
11%
16 108,292 104,101 Mean Girl Quotes Kvkq
9%
18 95,244 82,674 Band Names by Synonym MattPunk
9%
8 69,123 260,915 Les 151 premiers pokemon en français katsudk
8%
19 65,600 72,362 Country Names Created by Only 4 Letters PSTSCCH
8%
20 53,914 65,424 Top Scorer by Soccer Team alberici
6%
15 n/a 109,769 Largest Deserts in the World cosmokim
6%
17 n/a 89,696 Healthiest Fruits and Vegetables Kestrana
6%
No matching quizzes found
Score Distribution
Percent of People with Each Score
Percentile by Number Answered
Your Score History
You have not taken this quiz